La manipulación genética a la luz del derecho penal / (Registro nro. 49653)

Detalles MARC
000 -LEADER
fixed length control field 01622nam a2200361 4500
003 - CONTROL NUMBER IDENTIFIER
control field CO-CtgCURN
005 - DATE AND TIME OF LATEST TRANSACTION
control field 20260210225222.0
008 - FIXED-LENGTH DATA ELEMENTS--GENERAL INFORMATION
fixed length control field 160627s2001 000 0 eng d
020 ## - INTERNATIONAL STANDARD BOOK NUMBER
International Standard Book Number 9586482707
040 ## - CATALOGING SOURCE
Original cataloging agency CO-CtgCURN
Language of cataloging spa
Transcribing agency coctgcurn
082 0# - DEWEY DECIMAL CLASSIFICATION NUMBER
Classification number 345.024
Item number H565m
100 1# - MAIN ENTRY--PERSONAL NAME
Personal name Herrera Monsalve, Gladys Teresa.
245 13 - TITLE STATEMENT
Title La manipulación genética a la luz del derecho penal /
Statement of responsibility, etc. Gladys Teresa Herrera Monsalve.
260 ## - PUBLICATION, DISTRIBUTION, ETC.
Place of publication, distribution, etc. Bogotá :
Name of publisher, distributor, etc. Ecoe ediciones,
Date of publication, distribution, etc. 2001.
300 ## - PHYSICAL DESCRIPTION
Extent xii, 192 p. --
336 ## - CONTENT TYPE
Source rdacontent
337 ## - MEDIA TYPE
Source rdamedia
Media type term sin mediacion
Media type code n
338 ## - CARRIER TYPE
Source rdacarrier
Carrier type term volumen
Carrier type code nc
490 1# - SERIES STATEMENT
Series statement (Colección textos universitarios. Derecho)
500 ## - GENERAL NOTE
General note Traducción de : current obstetric , ginecologic diagnosis , treatment.
504 ## - BIBLIOGRAPHY, ETC. NOTE
Bibliography, etc. note Bibliografía (p. 191-192)
505 8# - FORMATTED CONTENTS NOTE
Formatted contents note Una aproximación a la genética.--Estudio de los tratados internacionales en materia de manipulación genética en humanos.--Legislación comparada.--Un acercamiento a la dignidad humana.--Hacia los nuevos tipos penales.--Dicciónario básico de genética
650 #0 - SUBJECT ADDED ENTRY--TOPICAL TERM
Topical term or geographic name entry element Ingeniera genética
Form subdivision Aspectos jurídicos.
650 #0 - SUBJECT ADDED ENTRY--TOPICAL TERM
Topical term or geographic name entry element Delitos
Form subdivision Aspectos jurídicos.
650 #0 - SUBJECT ADDED ENTRY--TOPICAL TERM
Topical term or geographic name entry element Genética
Form subdivision Aspectos jurídicos.
650 #0 - SUBJECT ADDED ENTRY--TOPICAL TERM
Topical term or geographic name entry element Ingeniera genética
Form subdivision Legislación comparada.
650 #0 - SUBJECT ADDED ENTRY--TOPICAL TERM
Topical term or geographic name entry element Bioética
Form subdivision Aspectos jurídicos.
908 ## - PUT COMMAND PARAMETER (RLIN)
Put command parameter 160627
942 ## - ADDED ENTRY ELEMENTS (KOHA)
Koha item type Libros
Classification part 345.024
Item part H565m
Source of classification or shelving scheme Dewey Decimal Classification
Existencias
Withdrawn status Lost status Source of classification or shelving scheme Damaged status Not for loan Home library Current library Shelving location Date acquired Total checkouts Full call number Barcode Date last seen Copy number Price effective from Koha item type
    Dewey Decimal Classification     Miguel Henríquez Castañeda Miguel Henríquez Castañeda General 03/04/2019   345.024 H565m 004274 03/04/2019 ej.1 03/04/2019 Libros
    Dewey Decimal Classification     Miguel Henríquez Castañeda Miguel Henríquez Castañeda General 03/04/2019   345.024 H565m 004275 03/04/2019 ej.2 03/04/2019 Libros